<?xml version="1.0" encoding="UTF-8"?>
<record
    xmlns:xsi="http://www.w3.org/2001/XMLSchema-instance"
    xsi:schemaLocation="http://www.loc.gov/MARC21/slim http://www.loc.gov/standards/marcxml/schema/MARC21slim.xsd"
    xmlns="http://www.loc.gov/MARC21/slim">

  <leader>01863nam a2200325   4500</leader>
  <controlfield tag="001">134</controlfield>
  <controlfield tag="003">OSt</controlfield>
  <controlfield tag="005">20250207074543.0</controlfield>
  <controlfield tag="008">250128b        |||||||g |||| 00| j eng d</controlfield>
  <datafield tag="020" ind1=" " ind2=" ">
    <subfield code="a">9788562936272</subfield>
  </datafield>
  <datafield tag="040" ind1=" " ind2=" ">
    <subfield code="b">por</subfield>
  </datafield>
  <datafield tag="041" ind1=" " ind2=" ">
    <subfield code="h">eng</subfield>
    <subfield code="a">por</subfield>
  </datafield>
  <datafield tag="082" ind1=" " ind2=" ">
    <subfield code="a">823</subfield>
    <subfield code="b">C555i</subfield>
  </datafield>
  <datafield tag="100" ind1="1" ind2=" ">
    <subfield code="a">Christie, Agatha,</subfield>
    <subfield code="d">1890-1976</subfield>
    <subfield code="9">268</subfield>
  </datafield>
  <datafield tag="240" ind1=" " ind2=" ">
    <subfield code="a">Agatha Christie&#xB4;s secret notebooks:fifity years of mysteries inthe making</subfield>
  </datafield>
  <datafield tag="245" ind1=" " ind2=" ">
    <subfield code="a">O incidente da bola de cachorro /</subfield>
    <subfield code="c">Christie, Agatha ; Curran, John ;  Tradu&#xE7;&#xE3;o de Thereza Christina Rocque da Motta</subfield>
  </datafield>
  <datafield tag="260" ind1=" " ind2=" ">
    <subfield code="a">S&#xE3;o Paulo</subfield>
    <subfield code="b">Leya</subfield>
    <subfield code="c">2010</subfield>
  </datafield>
  <datafield tag="300" ind1=" " ind2=" ">
    <subfield code="a">95 p.</subfield>
  </datafield>
  <datafield tag="490" ind1="1" ind2=" ">
    <subfield code="a">Os di&#xE1;rios secretos de Agatha Christie: 50 anos de mist&#xE9;rio na cria&#xE7;&#xE3;o</subfield>
  </datafield>
  <datafield tag="520" ind1=" " ind2=" ">
    <subfield code="a">Curran, especialista na obra de Agatha Christie, a escritora que mais vendeu livros no mundo - 2 bilh&#xF5;es de exemplares em 45 idiomas, segundo seu site oficial -, passou quatro anos analisando os rascunhos.

"Eu sabia da exist&#xEA;ncia dos cadernos, mas nunca, nem em meus melhores sonhos, cheguei a pensar que acabaria lendo eles um dia e publicando um livro sobre eles", explicou Curran &#xE0; Ag&#xEA;ncia Efe em Torquay, cidade natal da escritora. Foi ali perto, na resid&#xEA;ncia de ver&#xE3;o dos Christie, que o especialista estudou os 73 cadernos conservados.

As anota&#xE7;&#xF5;es s&#xE3;o "completamente ca&#xF3;ticas". &#xC0;s vezes a autora come&#xE7;ava tratando de um livro e saltava para outro algumas p&#xE1;ginas depois. E em alguns casos, ela retomava ideias inacabadas dez anos depois.</subfield>
  </datafield>
  <datafield tag="650" ind1=" " ind2="0">
    <subfield code="a">Literatura Inglesa</subfield>
    <subfield code="9">89</subfield>
  </datafield>
  <datafield tag="650" ind1=" " ind2="0">
    <subfield code="a">Historias curtas </subfield>
    <subfield code="9">67</subfield>
  </datafield>
  <datafield tag="650" ind1=" " ind2="0">
    <subfield code="a">Romance Policial </subfield>
    <subfield code="9">11</subfield>
  </datafield>
  <datafield tag="650" ind1=" " ind2="0">
    <subfield code="a">Suspense</subfield>
    <subfield code="9">10</subfield>
  </datafield>
  <datafield tag="650" ind1=" " ind2="0">
    <subfield code="a">Mist&#xE9;rio</subfield>
    <subfield code="9">42</subfield>
  </datafield>
  <datafield tag="655" ind1=" " ind2="0">
    <subfield code="a">Conto</subfield>
    <subfield code="9">68</subfield>
  </datafield>
  <datafield tag="700" ind1=" " ind2=" ">
    <subfield code="a">Thereza Christina Rocque da Motta</subfield>
    <subfield code="e">Tradutor</subfield>
    <subfield code="9">283</subfield>
  </datafield>
  <datafield tag="830" ind1=" " ind2=" ">
    <subfield code="a">Os di&#xE1;rios secretos de Agatha Christie: 50 anos de mist&#xE9;rio na cria&#xE7;&#xE3;o</subfield>
    <subfield code="9">284</subfield>
  </datafield>
  <datafield tag="942" ind1=" " ind2=" ">
    <subfield code="2">ddc</subfield>
    <subfield code="n">0</subfield>
    <subfield code="c">BK</subfield>
  </datafield>
  <datafield tag="952" ind1=" " ind2=" ">
    <subfield code="0">0</subfield>
    <subfield code="1">0</subfield>
    <subfield code="2">ddc</subfield>
    <subfield code="4">0</subfield>
    <subfield code="7">0</subfield>
    <subfield code="8">FIC</subfield>
    <subfield code="a">BIBIB</subfield>
    <subfield code="b">BIBIB</subfield>
    <subfield code="c">LE</subfield>
    <subfield code="d">2014-10-02</subfield>
    <subfield code="e">doa&#xE7;&#xE3;o</subfield>
    <subfield code="l">0</subfield>
    <subfield code="o">823 / C555i</subfield>
    <subfield code="p">2025-4810</subfield>
    <subfield code="r">2025-01-28 07:35:28</subfield>
    <subfield code="w">2025-01-28</subfield>
    <subfield code="y">BK</subfield>
  </datafield>
  <datafield tag="999" ind1=" " ind2=" ">
    <subfield code="c">134</subfield>
    <subfield code="d">134</subfield>
  </datafield>
</record>
